Business: Achanging world (Record no. 3795)
[ view plain ]
| 005 - DATE AND TIME OF LATEST TRANSACTION | |
|---|---|
| control field | 20250613091227.0 |
| 020 ## - INTERNATIONAL STANDARD BOOK NUMBER | |
| International Standard Book Number | 978-0-07-351166-5 |
| 082 ## - DEWEY DECIMAL CLASSIFICATION NUMBER | |
| Classification number | 650 FER |
| 100 ## - MAIN ENTRY--PERSONAL NAME | |
| Author name | FERRELL.C.O |
| 245 ## - TITLE STATEMENT | |
| Title | Business: Achanging world |
| 250 ## - EDITION STATEMENT | |
| Edition statement | 6th Ed. |
| 260 ## - PUBLICATION, DISTRIBUTION, ETC. | |
| Place of publication, distribution, etc. | New York |
| Name of publisher, distributor, etc. | McGraw-Hill Irwin |
| Date of publication, distribution, etc. | 2008. |
| 300 ## - PHYSICAL DESCRIPTION | |
| Extent | xxxiv,577p.:ill.;pictures,figures |
| Other physical details | Glossary, Index |
| Dimensions | 25cm |
| 700 ## - ADDED ENTRY--PERSONAL NAME | |
| Other authors/Editors | Geoffrey Hirt & |
| 700 ## - ADDED ENTRY--PERSONAL NAME | |
| Other authors/Editors | Linda Ferrell |
| 942 ## - ADDED ENTRY ELEMENTS (KOHA) | |
| Source of classification or shelving scheme | Dewey Decimal Classification |
| Koha item type | Books |
| Date last seen | Total checkouts | Full call number | Barcode | Cost, replacement price | Price effective from | Koha item type | Lost status | Source of classification or shelving scheme | Damaged status | Not for loan | Withdrawn status | Home library | Current library | Shelving location | Date acquired | Source of acquisition | Cost, normal purchase price |
|---|---|---|---|---|---|---|---|---|---|---|---|---|---|---|---|---|---|
| 06/12/2025 | 650 FER | MZA000872 | 390000.00 | 06/12/2025 | Books | Dewey Decimal Classification | CBE Mwanza | CBE Mwanza | General Collection | 07/10/2007 | Library Budget | 130000.00 | |||||
| 06/12/2025 | 650 FER | MZA000873 | 390000.00 | 06/12/2025 | Books | Dewey Decimal Classification | CBE Mwanza | CBE Mwanza | General Collection | 07/10/2007 | Library Budget | 130000.00 | |||||
| 06/12/2025 | 650 FER | MZA000874 | 390000.00 | 06/12/2025 | Books | Dewey Decimal Classification | CBE Mwanza | CBE Mwanza | General Collection | 07/10/2007 | Library Budget | 130000.00 | |||||
| 06/12/2025 | 650 FER | MZA000875 | 390000.00 | 06/12/2025 | Books | Dewey Decimal Classification | CBE Mwanza | CBE Mwanza | General Collection | 07/10/2007 | Library Budget | 130000.00 | |||||
| 06/12/2025 | 650 FER | MZA000876 | 390000.00 | 06/12/2025 | Books | Dewey Decimal Classification | CBE Mwanza | CBE Mwanza | General Collection | 07/10/2007 | Library Budget | 130000.00 | |||||
| 06/12/2025 | 650 FER | MZA000877 | 390000.00 | 06/12/2025 | Books | Dewey Decimal Classification | CBE Mwanza | CBE Mwanza | General Collection | 07/10/2007 | Library Budget | 130000.00 | |||||
| 06/12/2025 | 650 FER | MZA000878 | 390000.00 | 06/12/2025 | Books | Dewey Decimal Classification | CBE Mwanza | CBE Mwanza | General Collection | 07/10/2007 | Library Budget | 130000.00 | |||||
| 06/12/2025 | 650 FER | MZA000879 | 390000.00 | 06/12/2025 | Books | Dewey Decimal Classification | CBE Mwanza | CBE Mwanza | General Collection | 07/10/2007 | Library Budget | 130000.00 |
